[Event "American Continental 06th"]
[Site "Sao Paulo"]
[Date "2009.07.28"]
[Round "5"]
[White "Espinosa Flores, Rafael Emilio"]
[Black "Galati, Mario Augusto"]
[Result "1/2-1/2"]
[WhiteElo "2401"]
[BlackElo "2206"]
[PlyCount "47"]
[EventDate "2009.07.25"]
[EventType "swiss"]
[EventRounds "11"]
[EventCountry "BRA"]
[SourceTitle "CBM 132 Extra"]
[Source "ChessBase"]
[SourceDate "2009.11.03"]
[SourceVersion "1"]
[SourceVersionDate "2009.11.03"]
[SourceQuality "1"]

1. e4 c5 2. c3 d5 3. exd5 Qxd5 4. d4 g6 5. dxc5 Qxd1+ 6. Kxd1 Bg7 7. Be3 Nf6 8. Bb5+ Nc6 9. Nf3 0-0 10. Nbd2 Ng4 11. Ke2 Nxe3 12. fxe3 Rd8 13. Rhd1 Bf5 14. Nb3 Ne5 15. Nbd4 Be4 16. Nxe5 Bxe5 17. Nf3 Bf6 18. Bd7 h5 19. Rd2 e6 20. Rad1 g5 21. Bb5 Rxd2+ 22. Rxd2 Rc8 23. Bd3 Bxf3+ 24. gxf3 1/2-1/2

[Event "American Continental 06th"]
[Site "Sao Paulo"]
[Date "2009.07.25"]
[Round "1"]
[White "Espinosa Flores, Rafael Emilio"]
[Black "Pedroso, Arquimedes G Jr"]
[Result "1-0"]
[WhiteElo "2401"]
[BlackElo "2028"]
[PlyCount "59"]
[EventDate "2009.07.25"]
[EventType "swiss"]
[EventRounds "11"]
[EventCountry "BRA"]
[SourceTitle "CBM 132 Extra"]
[Source "ChessBase"]
[SourceDate "2009.11.03"]
[SourceVersion "1"]
[SourceVersionDate "2009.11.03"]
[SourceQuality "1"]

1. e4 c5 2. c3 Nf6 3. e5 Nd5 4. d4 cxd4 5. Nf3 Nc6 6. Bc4 Nb6 7. Bb3 d6 8. exd6 e6 9. cxd4 Bxd6 10. 0-0 0-0 11. Nc3 Nb4 12. Re1 h6 13. Ne4 Be7 14. a3 N4d5 15. Qd3 Re8 16. Ne5 Bf8 17. Qf3 f5 18. Nc3 Nxc3 19. bxc3 Qf6 20. Qh5 Rd8 21. Re3 Bd6 22. Rg3 Bxe5 23. dxe5 Qxe5 24. Bxh6 Rd7 25. Bxg7 Qxg7 26. Bxe6+ Kf8 27. Rxg7 Kxg7 28. Qg5+ Kf8 29. Qf6+ Ke8 30. Bxd7+ 1-0

[Event "Olympiad-38"]
[Site "Dresden"]
[Date "2008.11.21"]
[Round "8"]
[White "Espinosa Flores, Rafael Emilio"]
[Black "Peralta, Fernando"]
[Result "0-1"]
[WhiteElo "2412"]
[BlackElo "2557"]
[PlyCount "132"]
[EventDate "2008.11.13"]
[EventType "team-swiss"]
[EventRounds "11"]
[EventCountry "GER"]
[SourceTitle "CBM 128"]
[Source "ChessBase"]
[SourceDate "2009.01.28"]
[SourceVersion "1"]
[SourceVersionDate "2009.01.28"]
[SourceQuality "1"]
[WhiteTeam "Mexico"]
[BlackTeam "Argentina"]
[WhiteTeamCountry "MEX"]
[BlackTeamCountry "ARG"]

1. e4 d6 2. d4 Nf6 3. Nc3 g6 4. f4 Bg7 5. Nf3 c5 6. Bb5+ Bd7 7. e5 Ng4 8. Bxd7+ Qxd7 9. d5 dxe5 10. h3 e4 11. Nxe4 Nf6 12. Nxf6+ Bxf6 13. 0-0 0-0 14. Ne5 Qd6 15. Be3 Nd7 16. Nxd7 Qxd7 17. c3 Rfd8 18. Bxc5 Qb5 19. Ba3 Rxd5 20. Qb3 Qc6 21. Rad1 Rad8 22. Rxd5 Rxd5 23. Qc2 Qd7 24. Qe4 e6 25. Qb4 h5 26. Kh2 Rd2 27. Rf3 Kh7 28. Qe4 b5 29. Qe3 a5 30. Qc5 Re2 31. Rf2 Be7 32. Rxe2 Bxc5 33. Bxc5 Qc7 34. Be3 Qc4 35. Rd2 Qe4 36. Re2 Qb1 37. Bd4 Qxa2 38. Be5 Qd5 39. Kg3 Kg8 40. Kf2 Kf8 41. Ke1 Ke7 42. Rd2 Qc5 43. Bd4 Qf5 44. Be3 f6 45. Ke2 Qe4 46. Kf2 Qc4 47. Rd4 Qa2 48. Rd2 Qb1 49. Bb6 Qf5 50. Ke3 g5 51. fxg5 Qxg5+ 52. Kd3 Qf5+ 53. Ke3 a4 54. Bd8+ Ke8 55. Bb6 Qg5+ 56. Kd3 Qg6+ 57. Kd4 Qg3 58. Ba5 e5+ 59. Kd5 Qe3 60. c4 Qa7 61. Bb4 Qf7+ 62. Kc6 Qxc4+ 63. Bc5 b4 64. Rd6 Kf7 65. Rd7+ Kg6 66. Rb7 a3 0-1

[Event "WMSG Rapid Team 1st"]
[Site "Beijing"]
[Date "2008.10.16"]
[Round "9"]
[White "Thorfinnsson, Bjorn"]
[Black "Espinosa Flores, Rafael Emilio"]
[Result "0-1"]
[WhiteElo "2399"]
[BlackElo "2412"]
[PlyCount "119"]
[EventDate "2008.10.14"]
[EventType "team (rapid)"]
[EventRounds "9"]
[EventCountry "CHN"]
[SourceTitle "CBM 126 Extra"]
[Source "ChessBase"]
[SourceDate "2008.11.05"]
[SourceVersion "1"]
[SourceVersionDate "2008.11.05"]
[SourceQuality "1"]

1. d4 Nf6 2. c4 c5 3. d5 e6 4. Nc3 exd5 5. cxd5 d6 6. e4 g6 7. f4 Bg7 8. Bb5+ Nfd7 9. a4 0-0 10. Nf3 Na6 11. 0-0 Nc7 12. Bd3 a6 13. Re1 Re8 14. Qc2 Rb8 15. b3 b5 16. axb5 Nxb5 17. Nxb5 axb5 18. Bb2 Bxb2 19. Qxb2 c4 20. Bf1 Qb6+ 21. Kh1 Nc5 22. bxc4 Nxe4 23. Qd4 Qxd4 24. Nxd4 bxc4 25. Nc6 Rb2 26. Bxc4 Bd7 27. Kg1 h5 28. Ra7 Bf5 29. Re7 Ra8 30. Bd3 Nf6 31. Bxf5 gxf5 32. R7e2 Rxe2 33. Rxe2 Ra1+ 34. Kf2 Kf8 35. Nd4 Ra4 36. Nb5 Rxf4+ 37. Kg1 Ne4 38. g3 Rg4 39. Re3 Kg7 40. Nd4 Kf6 41. Ne2 h4 42. Kg2 hxg3 43. hxg3 Rg8 44. Rf3 Ke5 45. Kh2 Rb8 46. Nf4 Rb2+ 47. Kg1 Rd2 48. Rb3 Nxg3 49. Nd3+ Kd4 50. Ne1 Re2 51. Ng2 Ne4 52. Rf3 Ke5 53. Nh4 f4 54. Rh3 Re3 55. Nf3+ Kxd5 56. Rh5+ Kc4 57. Kg2 Re2+ 58. Kh3 Rf2 59. Nh4 d5 60. Rf5 0-1

[Event "WMSG Rapid Team 1st"]
[Site "Beijing"]
[Date "2008.10.15"]
[Round "3"]
[White "Burstein, Roman"]
[Black "Espinosa Flores, Rafael Emilio"]
[Result "0-1"]
[WhiteElo "2331"]
[BlackElo "2412"]
[PlyCount "80"]
[EventDate "2008.10.14"]
[EventType "team (rapid)"]
[EventRounds "9"]
[EventCountry "CHN"]
[SourceTitle "CBM 126 Extra"]
[Source "ChessBase"]
[SourceDate "2008.11.05"]
[SourceVersion "1"]
[SourceVersionDate "2008.11.05"]
[SourceQuality "1"]

1. c4 e5 2. g3 Nf6 3. Bg2 Nc6 4. Nc3 Bc5 5. e3 a6 6. Nge2 0-0 7. 0-0 d6 8. h3 Bf5 9. d3 Qd7 10. Kh2 h6 11. a3 Rab8 12. b4 Ba7 13. Nd5 Nxd5 14. cxd5 Ne7 15. Bb2 Bh7 16. e4 c6 17. d4 cxd5 18. dxe5 dxe4 19. exd6 Nc6 20. Nf4 Rbd8 21. Nh5 f6 22. Qd5+ Qf7 23. Rad1 Qxd5 24. Rxd5 Rd7 25. h4 Rfd8 26. Bxf6 Rxd6 27. Rxd6 Rxd6 28. Ba1 Rd2 29. Nxg7 Nd4 30. Nh5 Kf7 31. Nf4 Nf3+ 32. Bxf3 exf3 33. g4 Bxf2 34. Kh3 Be4 35. Nh5 Bd3 36. Rc1 Bb6 37. Ng3 f2 38. Be5 Ra2 39. Rd1 Rxa3 40. Kg2 Bb5 0-1

[Event "WMSG Blitz Team 1st"]
[Site "Beijing"]
[Date "2008.10.13"]
[Round "5"]
[White "Erdos, Viktor"]
[Black "Espinosa Flores, Rafael Emilio"]
[Result "1-0"]
[WhiteElo "2577"]
[BlackElo "2412"]
[PlyCount "57"]
[EventDate "2008.10.13"]
[EventType "tourn (blitz)"]
[EventRounds "11"]
[EventCountry "CHN"]
[SourceTitle "CBM 126 Extra"]
[Source "ChessBase"]
[SourceDate "2008.11.05"]
[SourceVersion "1"]
[SourceVersionDate "2008.11.05"]
[SourceQuality "1"]

1. d4 Nf6 2. c4 c5 3. d5 e6 4. Nc3 exd5 5. cxd5 d6 6. e4 g6 7. Bd3 Bg7 8. h3 0-0 9. Bg5 h6 10. Be3 Re8 11. Qd2 c4 12. Bc2 Kh7 13. Nge2 b5 14. a3 Nbd7 15. Nxb5 Ne5 16. Nbc3 Rb8 17. Rb1 Nd3+ 18. Bxd3 cxd3 19. Nd4 Bd7 20. Qxd3 Nxe4 21. Nxe4 f5 22. Nxd6 f4 23. Nxe8 Qxe8 24. Ne6 fxe3 25. Qxe3 Bb5 26. Nxg7 Qf7 27. Ne6 Qf5 28. Qxa7+ Bd7 29. Qxd7+ 1-0

[Event "Chapingo Aeamac 2nd"]
[Site "Chapingo"]
[Date "2008.08.28"]
[Round "4.2"]
[White "Norgaard, Jesper"]
[Black "Espinosa Flores, Rafael Emilio"]
[Result "1-0"]
[WhiteElo "2434"]
[BlackElo "2410"]
[PlyCount "111"]
[EventDate "2008.08.28"]
[EventType "swiss"]
[EventRounds "6"]
[EventCountry "MEX"]
[EventCategory "1"]
[SourceTitle "EXT 2024"]
[Source "ChessBase"]
[SourceDate "2023.10.10"]
[SourceVersion "1"]
[SourceVersionDate "2023.10.10"]
[SourceQuality "1"]

1. e4 c5 2. Nf3 Nc6 3. d4 cxd4 4. Nxd4 Nf6 5. Nc3 e5 6. Ndb5 d6 7. Bg5 a6 8. Na3 b5 9. Nd5 Be7 10. Bxf6 Bxf6 11. c3 Rb8 12. Nc2 0-0 13. Be2 Bg5 14. 0-0 Be6 15. Ncb4 Nxb4 16. Nxb4 Qb6 17. a4 a5 18. Nd5 Bxd5 19. Qxd5 bxa4 20. Rfb1 Rfc8 21. Bc4 Qc5 22. Rxa4 Qxd5 23. Bxd5 Bd8 24. Bc4 Kf8 25. b3 Ke7 26. Rd1 g6 27. Rd3 Bb6 28. Kf1 h5 29. f3 Rc7 30. Ke2 Rf8 31. Rd5 f5 32. Rb5 Bg1 33. exf5 gxf5 34. h3 Ra8 35. Rbxa5 Rxa5 36. Rxa5 h4 37. Kd3 Ra7 38. Rb5 Kf6 39. Rb8 Kg5 40. Rf8 Rc7 41. Bd5 Bb6 42. b4 Bf2 43. Rd8 Kf4 44. Ke2 Bg1 45. Rxd6 e4 46. fxe4 fxe4 47. Rg6 e3 48. Rg4+ Kf5 49. Rxh4 Ra7 50. Rd4 Bf2 51. Bc4 Ra3 52. Rd3 Kf4 53. Bd5 Ke5 54. Kf3 Ra1 55. Bc4 Bg1 56. Rd5+ 1-0

[Event "MEX-ch"]
[Site "Mexico City"]
[Date "2008.08.25"]
[Round "7"]
[White "Espinosa Flores, Rafael Emilio"]
[Black "Hernandez Guerrero, Gilberto Eduardo"]
[Result "1/2-1/2"]
[WhiteElo "2410"]
[BlackElo "2550"]
[PlyCount "24"]
[EventDate "2008.08.22"]
[EventType "swiss"]
[EventRounds "9"]
[EventCountry "MEX"]
[SourceTitle "EXT 2009"]
[Source "ChessBase"]
[SourceDate "2008.11.26"]
[SourceVersion "1"]
[SourceVersionDate "2008.11.26"]
[SourceQuality "1"]

1. e4 e6 2. d4 d5 3. Nc3 Nf6 4. Bg5 dxe4 5. Nxe4 Be7 6. Bxf6 gxf6 7. Nf3 a6 8. Bd3 b5 9. a4 b4 10. 0-0 Bb7 11. Re1 Nd7 12. c4 bxc3 1/2-1/2

[Event "MEX-ch"]
[Site "Mexico City"]
[Date "2008.08.22"]
[Round "1"]
[White "Rojas Alarcon, Julian Antonio"]
[Black "Espinosa Flores, Rafael Emilio"]
[Result "0-1"]
[WhiteElo "2135"]
[BlackElo "2410"]
[PlyCount "92"]
[EventDate "2008.08.22"]
[EventType "swiss"]
[EventRounds "9"]
[EventCountry "MEX"]
[SourceTitle "EXT 2009"]
[Source "ChessBase"]
[SourceDate "2008.11.26"]
[SourceVersion "1"]
[SourceVersionDate "2008.11.26"]
[SourceQuality "1"]

1. Nf3 d5 2. b3 c5 3. e3 Nf6 4. Bb2 Nc6 5. d4 e6 6. Nbd2 Be7 7. Be2 0-0 8. 0-0 b6 9. Ne5 Bb7 10. f4 Rc8 11. Rf3 cxd4 12. exd4 Ne4 13. Rh3 f5 14. Nxe4 Nxe5 15. Nf6+ Bxf6 16. fxe5 Bg5 17. Bd3 Rc7 18. a4 a5 19. Qe2 Bc6 20. Rf1 Be8 21. Ba3 Be7 22. Bc1 Bg6 23. Be3 Rc3 24. Bd2 Rc7 25. Be3 Qd7 26. c4 Rfc8 27. Qa2 Bb4 28. Rhf3 Be8 29. Rc1 Qe7 30. Rff1 Bc6 31. h3 Bb7 32. Rcd1 Qd7 33. Rf2 Qe7 34. Rdf1 Qd7 35. Rd1 Bc6 36. Rc2 dxc4 37. Bxc4 Be4 38. Rcc1 Bd5 39. Bb5 Qe7 40. Ba6 Rxc1 41. Rxc1 Qh4 42. Qf2 Qe4 43. Bc4 Be1 44. Qb2 Bc3 45. Bxd5 Bxd4 46. g4 g6 0-1

[Event "Mexican op 54th"]
[Site "Aguascalientes"]
[Date "2008.03.19"]
[Round "2"]
[White "Espinosa Flores, Rafael Emilio"]
[Black "Tapie Amione, Pablo Adib"]
[Result "1/2-1/2"]
[WhiteElo "2386"]
[BlackElo "2179"]
[PlyCount "64"]
[EventDate "2008.03.18"]
[EventType "swiss"]
[EventRounds "9"]
[EventCountry "MEX"]
[SourceTitle "CBM 123 Extra"]
[Source "ChessBase"]
[SourceDate "2008.05.06"]
[SourceVersion "1"]
[SourceVersionDate "2008.05.06"]
[SourceQuality "1"]

1. e4 c5 2. Nf3 d6 3. c3 Nf6 4. h3 Nc6 5. Bd3 e5 6. Bc2 Be7 7. 0-0 g5 8. Nxg5 Rg8 9. d4 h6 10. Nxf7 Kxf7 11. Bb3+ Kg7 12. f4 Kh7 13. fxe5 dxe5 14. Bxg8+ Qxg8 15. d5 Bxh3 16. Qf3 Bg4 17. Qe3 Qg6 18. dxc6 Rg8 19. cxb7 Be6 20. Qxh6+ Qxh6 21. Bxh6 Kxh6 22. Nd2 c4 23. Rf3 Rb8 24. Raf1 Ng4 25. Rh3+ Kg7 26. Ra1 Nf6 27. Rf1 Ng4 28. Rhf3 Nf6 29. Rg3+ Kh6 30. Rgf3 Kg7 31. Rg3+ Ng4 32. Rh3 Bc5+ 1/2-1/2

[Event "MEX-ch"]
[Site "Pachuca"]
[Date "2007.11.10"]
[Round "6"]
[White "Espinosa Flores, Rafael Emilio"]
[Black "Blanco Fernandez, Alvaro"]
[Result "1/2-1/2"]
[WhiteElo "2374"]
[BlackElo "2331"]
[PlyCount "80"]
[EventDate "2007.11.08"]
[EventType "swiss"]
[EventRounds "6"]
[EventCountry "MEX"]
[SourceTitle "EXT 2024"]
[Source "ChessBase"]
[SourceDate "2023.10.10"]
[SourceVersion "1"]
[SourceVersionDate "2023.10.10"]
[SourceQuality "1"]

1. e4 e5 2. Nf3 Nf6 3. Nxe5 d6 4. Nf3 Nxe4 5. Qe2 Qe7 6. d3 Nf6 7. Bg5 Qxe2+ 8. Bxe2 Be7 9. Nc3 c6 10. 0-0-0 Na6 11. Ne4 Nxe4 12. dxe4 Nc5 13. Bxe7 Kxe7 14. Nd2 Be6 15. Rhe1 b5 16. f4 f6 17. Bf3 Rac8 18. Kb1 Rhd8 19. Nf1 Na4 20. Ne3 Kf8 21. Rd2 Nb6 22. Red1 Ke7 23. b3 a5 24. g4 a4 25. h4 c5 26. Nf5+ Bxf5 27. exf5 a3 28. Re2+ Kd7 29. Re6 Kc7 30. g5 fxg5 31. hxg5 Rd7 32. f6 Rcd8 33. Rde1 Rf8 34. Kc1 gxf6 35. gxf6 b4 36. Rh1 Rdf7 37. Re7+ Rxe7 38. fxe7 Re8 39. Kd2 Nc8 40. Rh5 Rxe7 1/2-1/2

[Event "MEX-ch"]
[Site "Pachuca"]
[Date "2007.11.10"]
[Round "5"]
[White "Espinosa Flores, Rafael Emilio"]
[Black "Ibarra Chami, Luis Fernando"]
[Result "1/2-1/2"]
[WhiteElo "2374"]
[BlackElo "2416"]
[PlyCount "39"]
[EventDate "2007.11.08"]
[EventType "swiss"]
[EventRounds "6"]
[EventCountry "MEX"]
[SourceTitle "EXT 2024"]
[Source "ChessBase"]
[SourceDate "2023.10.10"]
[SourceVersion "1"]
[SourceVersionDate "2023.10.10"]
[SourceQuality "1"]

1. e4 c5 2. c3 Nf6 3. e5 Nd5 4. d4 cxd4 5. Nf3 Nc6 6. cxd4 d6 7. Bc4 Nb6 8. Bb5 dxe5 9. Nxe5 Bd7 10. Nxd7 Qxd7 11. 0-0 a6 12. Bxc6 Qxc6 13. Nc3 e6 14. Bf4 Nd5 15. Be5 Nxc3 16. bxc3 0-0-0 17. Re1 h5 18. h3 Bd6 19. Rb1 Bxe5 20. Rxe5 1/2-1/2

[Event "MEX-ch"]
[Site "Pachuca"]
[Date "2007.11.09"]
[Round "3"]
[White "Espinosa Flores, Rafael Emilio"]
[Black "Sanchez Enriquez, Oscar Gerardo"]
[Result "1-0"]
[WhiteElo "2374"]
[BlackElo "2253"]
[PlyCount "53"]
[EventDate "2007.11.08"]
[EventType "swiss"]
[EventRounds "6"]
[EventCountry "MEX"]
[SourceTitle "EXT 2024"]
[Source "ChessBase"]
[SourceDate "2023.10.10"]
[SourceVersion "1"]
[SourceVersionDate "2023.10.10"]
[SourceQuality "1"]

1. e4 c5 2. c3 Nf6 3. e5 Nd5 4. d4 cxd4 5. Nf3 Nc6 6. cxd4 d6 7. Bc4 e6 8. 0-0 Be7 9. Qe2 0-0 10. a3 Qc7 11. Rd1 dxe5 12. dxe5 Na5 13. Bxd5 exd5 14. Nc3 Be6 15. Nb5 Qc4 16. Qxc4 dxc4 17. Bg5 Bxg5 18. Nxg5 Bf5 19. Nd6 Bd3 20. Re1 h6 21. Nh3 Rad8 22. f4 Nb3 23. Rad1 Nd4 24. Rd2 b6 25. Nf2 Nf5 26. Rxd3 cxd3 27. Nxf5 1-0

[Event "Mexican op 53rd"]
[Site "Aguascalientes"]
[Date "2007.04.07"]
[Round "8"]
[White "Espinosa Flores, Rafael Emilio"]
[Black "Paz Valera, Luis Carlos"]
[Result "1-0"]
[WhiteElo "2381"]
[BlackElo "2134"]
[PlyCount "69"]
[EventDate "2007.04.03"]
[EventType "swiss"]
[EventRounds "9"]
[EventCountry "MEX"]
[SourceTitle "CBM 117 Extra"]
[Source "ChessBase"]
[SourceDate "2007.05.09"]
[SourceVersion "1"]
[SourceVersionDate "2007.05.09"]
[SourceQuality "1"]

1. e4 e6 2. d4 d5 3. e5 c5 4. c3 Nc6 5. Nf3 Bd7 6. a3 Qb6 7. b4 cxd4 8. cxd4 Rc8 9. Bb2 Nge7 10. Nc3 Ng6 11. h4 Be7 12. h5 Nf8 13. Na4 Qd8 14. Rh3 f5 15. Bd3 h6 16. Rg3 Kf7 17. Rc1 b6 18. Ba6 Rc7 19. Nc3 Nb8 20. Bd3 a6 21. Qd2 Nh7 22. Rg6 Nf8 23. g4 Nxg6 24. hxg6+ Kxg6 25. gxf5+ exf5 26. Nxd5 Rxc1+ 27. Qxc1 Kh7 28. Ne3 Rf8 29. d5 g6 30. Qc3 Bb5 31. d6 Bg5 32. Nxg5+ hxg5 33. Bxb5 axb5 34. e6 Rg8 35. Nd5 1-0

[Event "Mexican op 53rd"]
[Site "Aguascalientes"]
[Date "2007.04.07"]
[Round "7"]
[White "Velazquez Martinez, Josue Cuauht"]
[Black "Espinosa Flores, Rafael Emilio"]
[Result "1/2-1/2"]
[WhiteElo "2192"]
[BlackElo "2381"]
[PlyCount "109"]
[EventDate "2007.04.03"]
[EventType "swiss"]
[EventRounds "9"]
[EventCountry "MEX"]
[SourceTitle "CBM 117 Extra"]
[Source "ChessBase"]
[SourceDate "2007.05.09"]
[SourceVersion "1"]
[SourceVersionDate "2007.05.09"]
[SourceQuality "1"]

1. e4 c5 2. Nf3 Nc6 3. Bb5 g6 4. 0-0 Bg7 5. c3 Nf6 6. e5 Nd5 7. d4 cxd4 8. cxd4 Nc7 9. Nc3 0-0 10. Bf4 d6 11. exd6 exd6 12. Qa4 Nxb5 13. Nxb5 Bg4 14. Qa3 a6 15. Nxd6 Bxf3 16. Qxf3 Nxd4 17. Qe4 Qh4 18. Rfe1 Ne6 19. Be5 Qxe4 20. Rxe4 Bxe5 21. Rxe5 Rfd8 22. Rd5 Rd7 23. Rad1 Rad8 24. Nf5 Rxd5 25. Ne7+ Kf8 26. Nxd5 Nf4 27. Nc3 Rxd1+ 28. Nxd1 Nd3 29. Kf1 Ke7 30. a3 Kd6 31. Ke2 Nf4+ 32. Kf3 Ke5 33. g3 Nd5 34. Ne3 Kd4 35. Nxd5 Kxd5 36. Ke3 Kc4 37. Kd2 Kb3 38. Kc1 g5 39. g4 a5 40. Kb1 b6 41. Kc1 Kc4 42. Kc2 a4 43. Kd2 Kd4 44. Ke2 Ke4 45. f3+ Kd4 46. Kd2 Kc4 47. Kc2 Kd4 48. Kd2 h6 49. Ke2 Kc4 50. Kd2 Kb3 51. Kc1 b5 52. Kb1 Kc4 53. Kc2 Kd4 54. Kd2 Kc4 55. Kc2 1/2-1/2

[Event "Olympiad-37"]
[Site "Turin"]
[Date "2006.06.04"]
[Round "13"]
[White "Bouaziz, Slim"]
[Black "Espinosa Flores, Rafael Emilio"]
[Result "1/2-1/2"]
[WhiteElo "2338"]
[BlackElo "2380"]
[PlyCount "35"]
[EventDate "2006.05.21"]
[EventType "team-swiss"]
[EventRounds "13"]
[EventCountry "ITA"]
[SourceTitle "CBM 113"]
[Source "ChessBase"]
[SourceDate "2006.07.31"]
[SourceVersion "1"]
[SourceVersionDate "2006.07.31"]
[SourceQuality "1"]
[WhiteTeam "Tunisia"]
[BlackTeam "Mexico"]
[WhiteTeamCountry "TUN"]
[BlackTeamCountry "MEX"]

1. d4 Nf6 2. Nf3 e6 3. c4 c5 4. Nc3 cxd4 5. Nxd4 Bb4 6. Qc2 Nc6 7. Nxc6 bxc6 8. a3 Be7 9. e4 d6 10. Be2 0-0 11. 0-0 Qc7 12. Be3 e5 13. h3 Rb8 14. Rfc1 a5 15. Rab1 Be6 16. Na4 Nd7 17. Bg4 Rfc8 18. b3 1/2-1/2

[Event "Olympiad-37"]
[Site "Turin"]
[Date "2006.05.29"]
[Round "8"]
[White "Espinosa Flores, Rafael Emilio"]
[Black "Amanov, Mesgen"]
[Result "1-0"]
[WhiteElo "2380"]
[BlackElo "2305"]
[PlyCount "121"]
[EventDate "2006.05.21"]
[EventType "team-swiss"]
[EventRounds "13"]
[EventCountry "ITA"]
[SourceTitle "CBM 113"]
[Source "ChessBase"]
[SourceDate "2006.07.31"]
[SourceVersion "1"]
[SourceVersionDate "2006.07.31"]
[SourceQuality "1"]
[WhiteTeam "Mexico"]
[BlackTeam "Turkmenistan"]
[WhiteTeamCountry "MEX"]
[BlackTeamCountry "TKM"]

1. e4 c5 2. c3 d5 3. exd5 Qxd5 4. d4 Nf6 5. Nf3 Bg4 6. Be2 e6 7. h3 Bh5 8. 0-0 Nc6 9. c4 Qd8 10. d5 exd5 11. g4 Bg6 12. g5 Nd7 13. cxd5 Nb4 14. a3 Nc2 15. Bd3 Nxa1 16. Re1+ Be7 17. d6 Ne5 18. Bb5+ Nc6 19. Rxe7+ Kf8 20. Bxc6 bxc6 21. Ne5 Kg8 22. Nc3 Nc2 23. Nxc6 Qf8 24. Nb5 h6 25. Nc7 Kh7 26. Qd5 Nd4 27. Nxd4 cxd4 28. Qxd4 Rd8 29. Be3 hxg5 30. Bxg5 Kg8 31. Qd5 Rxh3 32. Ne6 fxe6 33. Qxe6+ Bf7 34. Qxh3 Rxd6 35. Re1 Rg6 36. Qf5 Qd6 37. Qc8+ Kh7 38. Qh3+ Kg8 39. Qc8+ Kh7 40. Qf5 Be6 41. Qe5 Qd2 42. f4 Bd5 43. Qe2 Qd4+ 44. Qf2 Rxg5+ 45. fxg5 Qg4+ 46. Kh2 Qh5+ 47. Kg3 Qxg5+ 48. Kh3 a6 49. Qh4+ Qxh4+ 50. Kxh4 Kg6 51. Re5 Bc4 52. Rc5 Bb5 53. Kg4 Kf6 54. Kf4 g6 55. b3 Ke6 56. Ke3 Kd6 57. Rg5 Be8 58. Kd4 Bf7 59. Ra5 Bxb3 60. Rxa6+ Kc7 61. Rxg6 1-0

[Event "Olympiad-37"]
[Site "Turin"]
[Date "2006.05.27"]
[Round "6"]
[White "Espinosa Flores, Rafael Emilio"]
[Black "Svetushkin, Dmitry"]
[Result "0-1"]
[WhiteElo "2380"]
[BlackElo "2552"]
[PlyCount "76"]
[EventDate "2006.05.21"]
[EventType "team-swiss"]
[EventRounds "13"]
[EventCountry "ITA"]
[SourceTitle "CBM 113"]
[Source "ChessBase"]
[SourceDate "2006.07.31"]
[SourceVersion "1"]
[SourceVersionDate "2006.07.31"]
[SourceQuality "1"]
[WhiteTeam "Mexico"]
[BlackTeam "Moldova"]
[WhiteTeamCountry "MEX"]
[BlackTeamCountry "MDA"]

1. e4 c5 2. c3 e6 3. d4 d5 4. e5 Nc6 5. Nf3 Bd7 6. a3 c4 7. Nbd2 Na5 8. Be2 Bc6 9. 0-0 Qd7 10. a4 Ne7 11. Qc2 Nc8 12. Bd1 Nb6 13. Ng5 0-0-0 14. b4 cxb3 15. Nxb3 Nbc4 16. Nxa5 Nxa5 17. Nxh7 Be7 18. Ng5 Rdf8 19. Bg4 Kb8 20. f4 Nc4 21. g3 Qc8 22. f5 Bd7 23. fxe6 fxe6 24. Rxf8 Rxf8 25. Nf3 a5 26. Qg6 Ne3 27. Bd2 Nxg4 28. Qxg4 Qe8 29. Rf1 Bxa4 30. Qxg7 Bb5 31. Rf2 a4 32. Bc1 a3 33. Qg4 Qc6 34. Qg7 Re8 35. Bg5 Bxg5 36. Nxg5 Qxc3 37. Nf7 a2 38. Rxa2 Qe1+ 0-1

[Event "Morelia op 01st"]
[Site "Morelia"]
[Date "2006.02.19"]
[Round "7"]
[White "Espinosa Flores, Rafael Emilio"]
[Black "Gareyev, Timur"]
[Result "0-1"]
[WhiteElo "2367"]
[BlackElo "2515"]
[PlyCount "70"]
[EventDate "2006.02.16"]
[EventType "swiss"]
[EventRounds "7"]
[EventCountry "MEX"]
[SourceTitle "CBM 110 Extra"]
[Source "ChessBase"]
[SourceDate "2006.03.10"]
[SourceVersion "2"]
[SourceVersionDate "2006.03.10"]
[SourceQuality "1"]

1. e4 c5 2. c3 e6 3. d4 d5 4. e5 Bd7 5. Nf3 Qb6 6. a3 Ne7 7. dxc5 Qxc5 8. Bd3 Ng6 9. 0-0 Qc7 10. Re1 Nc6 11. Qe2 Be7 12. g3 f6 13. exf6 gxf6 14. Nd4 e5 15. Nb5 Qc8 16. c4 d4 17. c5 Be6 18. Qh5 f5 19. Bh6 Qd7 20. Nd2 0-0-0 21. Nc4 e4 22. Nxa7+ Kb8 23. Nb5 Bxc5 24. Bf1 Bxc4 25. Bxc4 Nce5 26. b3 Nf3+ 27. Kg2 Nxe1+ 28. Rxe1 Rhe8 29. Bg5 Rc8 30. Rd1 f4 31. Bf6 d3 32. a4 f3+ 33. Kf1 Bxf2 34. Kxf2 e3+ 35. Kxf3 e2 0-1

[Event "Olympiad-36"]
[Site "Mallorca"]
[Date "2004.10.28"]
[Round "13"]
[White "Espinosa Flores, Rafael Emilio"]
[Black "Svetushkin, Dmitry"]
[Result "1-0"]
[WhiteElo "2412"]
[BlackElo "2568"]
[PlyCount "57"]
[EventDate "2004.10.15"]
[EventType "team-swiss"]
[EventRounds "14"]
[EventCountry "ESP"]
[SourceTitle "CBM 104"]
[Source "ChessBase"]
[SourceDate "2005.01.27"]
[SourceVersion "1"]
[SourceVersionDate "2005.01.27"]
[SourceQuality "1"]
[WhiteTeam "Mexico"]
[BlackTeam "Moldova"]
[WhiteTeamCountry "MEX"]
[BlackTeamCountry "MDA"]

1. e4 g6 2. d4 Bg7 3. Nc3 c6 4. Nf3 d6 5. a4 Nf6 6. e5 dxe5 7. Nxe5 Nbd7 8. Be2 Qa5 9. Nc4 Qc7 10. 0-0 Nd5 11. Nxd5 cxd5 12. Ne3 Nf6 13. Bb5+ Bd7 14. Qf3 a6 15. Bd3 Bc6 16. Re1 Qd7 17. a5 Bb5 18. Bxb5 Qxb5 19. Qe2 Qd7 20. c3 0-0 21. Nc2 Ne8 22. Nb4 Nc7 23. h3 Qf5 24. g4 Qc8 25. Bf4 e6 26. f3 Qd8 27. Be5 Qd7 28. Bxg7 Kxg7 29. Nd3 1-0

[Event "Olympiad-36"]
[Site "Mallorca"]
[Date "2004.10.27"]
[Round "12"]
[White "Espinosa Flores, Rafael Emilio"]
[Black "Monell Camarasa, David"]
[Result "1-0"]
[WhiteElo "2412"]
[BlackElo "2263"]
[PlyCount "83"]
[EventDate "2004.10.15"]
[EventType "team-swiss"]
[EventRounds "14"]
[EventCountry "ESP"]
[SourceTitle "CBM 104"]
[Source "ChessBase"]
[SourceDate "2005.01.27"]
[SourceVersion "1"]
[SourceVersionDate "2005.01.27"]
[SourceQuality "1"]
[WhiteTeam "Mexico"]
[BlackTeam "Andorra"]
[WhiteTeamCountry "MEX"]
[BlackTeamCountry "AND"]

1. e4 d5 2. exd5 Qxd5 3. Nc3 Qd8 4. Bc4 Nf6 5. Nf3 Bf5 6. Ne5 e6 7. Qf3 c6 8. Nxf7 Qd4 9. Nxh8 Qxc4 10. d3 Qd4 11. h3 Bb4 12. Bd2 Bxc3 13. Bxc3 Qd5 14. Qxd5 exd5 15. 0-0-0 Na6 16. Rde1+ Kf8 17. g4 Bd7 18. g5 Nh5 19. g6 h6 20. Nf7 Nf4 21. Ne5 Bf5 22. Re3 Kg8 23. Rf3 Ne2+ 24. Kd2 Nxc3 25. bxc3 Be6 26. d4 Nc7 27. Re1 Rf8 28. Rxf8+ Kxf8 29. h4 Ke7 30. c4 dxc4 31. Nxc4 Kf6 32. Nd6 b5 33. h5 b4 34. Re5 Ke7 35. Ne4 Kd8 36. f4 Bxa2 37. f5 Ne8 38. f6 gxf6 39. Ra5 Bd5 40. Ng3 Be6 41. Rxa7 Bd7 42. Ne4 1-0